[Event "7th UI&UL GM"]
[Site "Dhaka BAN"]
[Date "2005.04.11"]
[Round "8"]
[White "Hasan,Me"]
[Black "Murshed,N"]
[Result "1/2-1/2"]
[WhiteElo "2322"]
[BlackElo "2487"]
[EventDate "2005.04.05"]

1. e4 g6 2. d4 Bg7 3. Nc3 d6 4. Be3 c6 5. Qd2 b5 6. f3 Nd7 7. h4 h5 8. d5
cxd5 9. Qxd5 Rb8 10. Bxb5 Bxc3+ 11. bxc3 Ngf6 12. Qg5 O-O 13. Ba4 Qc7 14.
Ne2 Ba6 15. Bb3 e6 16. Bd4 Kg7 17. Bxe6 fxe6 18. Nf4 Kf7 19. Qxg6+ Ke7 20.
Qg7+ Rf7 21. Ng6+ Ke8 22. Qh8+ Nf8 23. Bxf6 Kd7 24. Ne5+ dxe5 25. Bxe5 Qc5
26. O-O-O+ Kc6 27. Bxb8 Qa3+ 28. Kd2 Qc5 29. Be5 Rd7+ 30. Bd4 e5 31. Qh6+
Rd6 32. Qxh5 Rxd4+ 33. cxd4 Qxd4+ 34. Kc1 Qa1+ 35. Kd2 Qd4+ 1/2-1/2

[Event "7th UI&UL GM"]
[Site "Dhaka BAN"]
[Date "2005.04.11"]
[Round "8"]
[White "Prathamesh,S"]
[Black "Ram,S"]
[Result "1-0"]
[WhiteElo "2368"]
[BlackElo "2255"]
[EventDate "2005.04.05"]

1. e4 e5 2. Nf3 d6 3. d4 exd4 4. Nxd4 Nf6 5. Nc3 Be7 6. Be2 O-O 7. O-O Bd7
8. f4 Nc6 9. Nb3 Re8 10. Bf3 Be6 11. Be3 Nd7 12. Qe1 Bf6 13. Rd1 Qe7 14.
Kh1 Rad8 15. Bf2 Nb6 16. Qd2 Nc4 17. Qc1 a5 18. Be2 Bxc3 19. bxc3 f6 20.
Bd3 a4 21. Nd4 Nxd4 22. cxd4 d5 23. e5 f5 24. c3 Qd7 25. Bh4 Ra8 26. Rf2 a3
27. Rg1 Nb2 28. Bc2 c5 29. Qb1 cxd4 30. cxd4 h5 31. h3 Kf7 32. Qe1 Rec8 33.
Qe2 g6 34. Bb3 Rc3 35. Rf3 Qc6 36. Qf2 Rxf3 37. Qxf3 Rg8 38. Qg3 Rg7 39.
Bf6 Rg8 40. Bh4 Ke8 41. Qg5 Kd7 42. Qe7+ Kc8 43. Qxa3 Nc4 44. Qb4 Re8 45.
Ba4 1-0

[Event "7th UI&UL GM"]
[Site "Dhaka BAN"]
[Date "2005.04.11"]
[Round "8"]
[White "Roktim,B"]
[Black "Saptarshi,R"]
[Result "1/2-1/2"]
[WhiteElo "2389"]
[BlackElo "2391"]
[EventDate "2005.04.05"]

1. c4 e6 2. e4 d5 3. exd5 exd5 4. d4 Nc6 5. Nc3 Nf6 6. Nf3 Bf5 7. Be2 Be7
8. O-O O-O 9. Be3 a6 10. Rc1 dxc4 11. Bxc4 Bd6 12. Re1 1/2-1/2

[Event "7th UI&UL GM"]
[Site "Dhaka BAN"]
[Date "2005.04.11"]
[Round "8"]
[White "Pogorelov,R"]
[Black "Singh,Ri"]
[Result "1/2-1/2"]
[WhiteElo "2448"]
[BlackElo "2271"]
[EventDate "2005.04.05"]

1. Nf3 f5 2. g3 Nf6 3. Bg2 g6 4. b3 Bg7 5. Bb2 O-O 6. O-O d6 7. d4 c6 8. c4
Bd7 9. Nbd2 Na6 10. Ne1 Rb8 11. Nd3 Nc7 12. Rc1 h6 13. e4 fxe4 14. Nxe4 Bf5
15. Nxf6+ Bxf6 16. Re1 Qd7 17. d5 c5 18. Bxf6 exf6 19. f3 h5 20. Nf2 g5 21.
f4 g4 22. Be4 Rbe8 23. Rc2 Bxe4 24. Nxe4 f5 25. Ng5 Rxe1+ 26. Qxe1 Re8 27.
Re2 Rxe2 28. Qxe2 Kg7 29. Qb2+ Kg6 30. Kf2 Qg7 31. Qxg7+ Kxg7 32. Ke3 Kf6
33. Kd3 a5 34. a3 b6 35. Kc3 Ke7 36. b4 axb4+ 37. axb4 cxb4+ 38. Kxb4 Kf6
39. Ka4 Ke7 40. Ne6 Nxe6 41. dxe6 Kxe6 42. Kb5 d5 43. c5 bxc5 44. Kxc5 d4
45. Kxd4 Kd6 46. Kc4 Kc6 47. Kd4 1/2-1/2

[Event "7th UI&UL GM"]
[Site "Dhaka BAN"]
[Date "2005.04.11"]
[Round "8"]
[White "Gunasekaran,K"]
[Black "Akshayraj,K"]
[Result "0-1"]
[WhiteElo "2312"]
[BlackElo "2388"]
[EventDate "2005.04.05"]

1. d4 d6 2. Nf3 Nf6 3. Bf4 g6 4. h3 Bg7 5. e3 O-O 6. Be2 Nc6 7. c4 e5 8.
Bh2 exd4 9. exd4 Ne4 10. Nc3 Ng5 11. O-O Nxf3+ 12. Bxf3 Nxd4 13. Be4 Be6
14. b3 c6 15. Rc1 d5 16. cxd5 cxd5 17. Bd3 Rc8 18. Ne2 Rxc1 19. Qxc1 Nxe2+
20. Bxe2 Qa5 21. a4 Qb4 22. Qb1 Rc8 23. Rc1 Rxc1+ 24. Qxc1 Qxb3 25. Qc7 h5
26. Qb8+ Kh7 27. Be5 Bxe5 28. Qxe5 Qxa4 29. Bf3 Qc4 30. g4 hxg4 31. hxg4
Qc1+ 32. Kg2 g5 33. Be2 Qf4 34. Bd3+ Kg8 35. Qc3 d4 36. Qc2 Qxg4+ 37. Kf1
Qf4 38. Qc5 b6 39. Qe7 Kg7 40. Qxa7 Qc1+ 0-1

[Event "7th UI&UL GM"]
[Site "Dhaka BAN"]
[Date "2005.04.11"]
[Round "8"]
[White "Sangma,R"]
[Black "Lahiri,A"]
[Result "1-0"]
[WhiteElo "2311"]
[BlackElo "2355"]
[EventDate "2005.04.05"]

1. f4 d5 2. Nf3 g6 3. g3 Bg7 4. Bg2 Nf6 5. d3 O-O 6. O-O c5 7. Qe1 Nc6 8.
e4 dxe4 9. dxe4 e5 10. f5 gxf5 11. Nh4 Nxe4 12. Nxf5 Bxf5 13. Rxf5 Nd6 14.
Rf2 Qc7 15. Be3 Ne7 16. Nc3 Rad8 17. Nd5 Nxd5 18. Bxd5 Kh8 19. c4 b6 20.
Qe2 Qe7 21. Qh5 f6 22. Qe2 Qe8 23. a4 a5 24. b4 axb4 25. a5 Nc8 26. a6 Qd7
27. Qh5 Ne7 28. Bg2 f5 29. Rd2 Qa7 30. Rxd8 Rxd8 31. Rd1 Rxd1+ 32. Qxd1 e4
33. Qd8+ Ng8 34. Qc8 b3 35. Bc1 b2 36. Bxb2 Bxb2 37. Bh3 Kg7 38. Bxf5 Nf6
39. g4 Bc1 40. h4 h6 41. Kf2 Bf4 42. Ke2 Bg3 43. g5 hxg5 44. hxg5 Ng8 45.
Be6 Ne7 46. Qe8 Be5 47. Qf7+ 1-0

[Event "7th UI&UL GM"]
[Site "Dhaka BAN"]
[Date "2005.04.11"]
[Round "8"]
[White "Ramu,K"]
[Black "Islam,Kh"]
[Result "1-0"]
[WhiteElo "2291"]
[BlackElo "2312"]
[EventDate "2005.04.05"]

1. e4 e5 2. Nf3 Nc6 3. Bb5 Nf6 4. d3 d6 5. O-O Bd7 6. Bg5 Be7 7. c3 h6 8.
Bh4 a6 9. Ba4 O-O 10. Nbd2 Nh7 11. Bxe7 Nxe7 12. d4 Ng6 13. dxe5 dxe5 14.
Bxd7 Qxd7 15. Nc4 Qb5 16. Qb3 Nf6 17. Rfe1 Rfe8 18. Rad1 Rac8 19. g3 Re6
20. Nfd2 Rd8 21. Qc2 Re7 22. b4 b6 23. a4 Qc6 24. Ne3 Red7 25. f3 h5 26.
Nb3 Qxa4 27. Rxd7 Rxd7 28. Ra1 Qb5 29. Kf2 Ne7 30. Qe2 Rd3 31. Nd1 h4 32.
Nc1 hxg3+ 33. hxg3 Rd6 34. Ne3 Qd7 35. Nc4 Re6 36. Rxa6 Qc6 37. Nb3 Ng6 38.
Ne3 Re8 39. Qd3 Qe6 40. Qc4 Qh3 41. Qf1 Qe6 42. Nd2 Rd8 43. Qe2 Qh3 44.
Ndf1 Nh5 45. Ng2 Nxg3 46. Nxg3 Nf4 47. Nxf4 exf4 48. Nf1 Rd6 49. Ra8+ Kh7
50. Ke1 Qh4+ 51. Qf2 Qg5 52. Ra2 Qe5 53. Rc2 g5 54. Qe2 Rh6 55. Qc4 Re6 56.
Rh2+ Kg6 57. Qd4 f5 58. Re2 Qxd4 59. cxd4 fxe4 60. Rxe4 Rxe4+ 61. fxe4 g4
62. b5 Kg5 63. Kf2 Kh4 64. Kg2 Kg5 65. Nh2 Kh4 66. e5 Kg5 67. Nxg4 1-0

[Event "7th UI&UL GM"]
[Site "Dhaka BAN"]
[Date "2005.04.11"]
[Round "8"]
[White "Vinoth,K"]
[Black "Chatterjee,D"]
[Result "0-1"]
[WhiteElo "2238"]
[BlackElo "2246"]
[EventDate "2005.04.05"]

1. e4 c5 2. d3 Nc6 3. g3 g6 4. Bg2 Bg7 5. Nh3 e6 6. f4 Nge7 7. c3 O-O 8.
O-O d6 9. Kh1 Rb8 10. g4 f5 11. gxf5 exf5 12. Be3 b6 13. Nd2 Kh8 14. Rg1 d5
15. e5 d4 16. cxd4 Nxd4 17. Nc4 Nd5 18. Bf2 Ne6 19. Qd2 Bb7 20. Rad1 Qe7
21. Rgf1 Rbd8 22. Nd6 Rxd6 23. exd6 Qxd6 24. Bg3 h6 25. Rde1 a5 26. a3 a4
27. Ng1 Nd4 28. Qd1 b5 29. h4 Bc6 30. Kh2 b4 31. h5 Rb8 32. hxg6 Qxg6 33.
Rf2 bxa3 34. bxa3 Rb3 35. Bf3 Nc3 36. Qd2 Bxf3 37. Nxf3 Ne4 38. dxe4 Nxf3+
39. Rxf3 Rxf3 40. Qd8+ Kh7 41. Qh4 fxe4 42. f5 Qxf5 43. Rxe4 Rxa3 44. Rf4
Ra2+ 45. Kg1 Ra1+ 46. Be1 Rxe1+ 0-1

[Event "7th UI&UL GM"]
[Site "Dhaka BAN"]
[Date "2005.04.11"]
[Round "8"]
[White "Abu Sufian,S"]
[Black "Mohammad,J"]
[Result "1-0"]
[WhiteElo "2233"]
[BlackElo "2186"]
[EventDate "2005.04.05"]

1. e4 c5 2. Nc3 d6 3. g3 g6 4. Bg2 Bg7 5. d3 Nc6 6. f4 Nd4 7. Nce2 Nh6 8.
c3 Nxe2 9. Nxe2 O-O 10. O-O f5 11. h3 Rb8 12. Be3 Nf7 13. Kh2 b5 14. exf5
gxf5 15. d4 b4 16. c4 Qc7 17. b3 e5 18. fxe5 dxe5 19. dxc5 e4 20. Bf4 Be5
21. Bxe5 Qxe5 22. Qd4 Rd8 23. Qxe5 Nxe5 24. Rad1 Bb7 25. Rd6 Rdc8 26. Rxf5
Rxc5 27. Nd4 Nf3+ 28. Bxf3 Rxf5 29. Nxf5 exf3 30. Kg1 Be4 31. Nd4 Kf7 32.
Kf2 a5 33. c5 Bb1 34. Ra6 Rd8 35. Nxf3 Bxa2 36. Rxa5 Bxb3 37. Rb5 Bd5 38.
Rxb4 Rc8 39. Rb5 Ke7 40. Nd4 Kd7 41. g4 Rf8+ 42. Kg3 Re8 43. Rb6 1-0

[Event "7th UI&UL GM"]
[Site "Dhaka BAN"]
[Date "2005.04.11"]
[Round "8"]
[White "Uddin,S"]
[Black "Mohota,N"]
[Result "0-1"]
[WhiteElo "2205"]
[BlackElo "2297"]
[EventDate "2005.04.05"]

1. e4 Nf6 2. e5 Nd5 3. c4 Nb6 4. d4 d6 5. Nf3 Bg4 6. exd6 cxd6 7. h3 Bh5 8.
Be3 e6 9. Nc3 Be7 10. Bd3 Nc6 11. a3 O-O 12. g4 Bg6 13. b4 Rc8 14. Rc1 Bxd3
15. Qxd3 d5 16. c5 Nc4 17. Ne2 b6 18. Nd2 bxc5 19. bxc5 Nxe3 20. fxe3 Bh4+
21. Kf1 Qf6+ 22. Nf4 g5 23. Nf3 Bg3 24. Kg2 gxf4 25. h4 Qg6 0-1

[Event "7th UI&UL GM"]
[Site "Dhaka BAN"]
[Date "2005.04.11"]
[Round "8"]
[White "Pg,MOAHirawan"]
[Black "Hasan Md,E"]
[Result "1-0"]
[WhiteElo "2230"]
[BlackElo "2162"]
[EventDate "2005.04.05"]

1. e4 d6 2. d4 Nf6 3. Nc3 g6 4. Be3 Bg7 5. Qd2 c6 6. h3 O-O 7. Nf3 Nbd7 8.
Bd3 e5 9. dxe5 dxe5 10. O-O Qe7 11. Bg5 a5 12. Rad1 Qb4 13. Qc1 Re8 14. a3
Qf8 15. Ne2 b5 16. Ng3 Rb8 17. Qd2 a4 18. Qa5 Bb7 19. c4 Nc5 20. Bc2 bxc4
21. Be3 Nfd7 22. Nd2 Ba6 23. Qc3 Nb6 24. Nf3 Bb5 25. h4 h5 26. Ng5 Nbd7 27.
Rd2 Nd3 28. Rfd1 f6 29. Nh3 Qf7 30. f3 Bf8 31. Nf2 N7c5 32. Bxd3 Nxd3 33.
Ne2 Red8 34. Nc1 Nxc1 35. Qxc1 Qe7 36. Bc5 Qe8 37. Bxf8 Qxf8 38. Rd7 Qe8
39. Ra7 Rxd1+ 40. Nxd1 Qd8 41. Kh2 Ra8 42. Rxa8 Qxa8 43. Qd2 Qe8 44. Qd6
Kf7 45. Nc3 Kg7 46. g4 hxg4 47. fxg4 Kf7 48. Kg3 Kg7 49. Kf3 Kf7 50. Qc7+
Kg8 51. Kg3 Qf8 1-0

[Event "7th UI&UL GM"]
[Site "Dhaka BAN"]
[Date "2005.04.11"]
[Round "8"]
[White "Chowdhury,So"]
[Black "Islam,AP"]
[Result "1-0"]
[WhiteElo "2163"]
[BlackElo "2203"]
[EventDate "2005.04.05"]

1. e4 e5 2. Nf3 Nc6 3. Bb5 a6 4. Ba4 Nf6 5. O-O Be7 6. Re1 b5 7. Bb3 O-O 8.
a4 b4 9. c3 d6 10. h3 Rb8 11. d4 Bd7 12. Nbd2 Re8 13. Nf1 bxc3 14. bxc3 Na5
15. Bc2 Bf8 16. Bg5 h6 17. Bc1 c5 18. d5 c4 19. N3d2 Qc7 20. Ne3 Rec8 21.
Ba3 Nb3 22. Rb1 Nxd2 23. Qxd2 g6 24. Qe2 Rxb1 25. Rxb1 a5 26. Kh2 Ne8 27.
Bc1 Bg7 28. Ng4 Bxg4 29. Qxg4 Nf6 30. Qf3 Nd7 31. Qe2 Bf8 32. Be3 Kh7 33.
Qf1 Be7 34. f4 Bf6 35. f5 g5 36. Rb5 Bd8 37. Qe2 Rb8 38. Qh5 Kg7 39. Qd1
Rxb5 40. axb5 Nc5 41. h4 Nd7 42. Kh3 Qb8 43. Qc1 Qxb5 44. hxg5 hxg5 45.
Bxg5 Qb8 46. g4 f6 47. Be3 Bb6 48. Bh6+ Kf7 49. g5 fxg5 50. Qxg5 Qg8 51.
Qh5+ Ke7 52. Bg5+ Nf6 53. Qh6 Qf7 54. Ba4 Bd8 55. Qh8 1-0

[Event "7th UI&UL GM"]
[Site "Dhaka BAN"]
[Date "2005.04.11"]
[Round "8"]
[White "Shamima,A"]
[Black "Hossain,Mon"]
[Result "1-0"]
[WhiteElo "2061"]
[BlackElo "2170"]
[EventDate "2005.04.05"]

1. d4 Nf6 2. c4 g6 3. Nc3 Bg7 4. e4 d6 5. Nf3 O-O 6. Be2 Bg4 7. Be3 Nc6 8.
O-O e5 9. d5 Bxf3 10. Bxf3 Nd4 11. Bxd4 exd4 12. Qxd4 Re8 13. Qd2 a5 14.
Rfe1 Nd7 15. Bd1 Nc5 16. Bc2 Qh4 17. g3 Qf6 18. Rad1 h5 19. h4 Re7 20. Qg5
Qxg5 21. hxg5 Rae8 22. Re2 Bxc3 23. bxc3 Kg7 24. Kg2 Rh8 25. f4 Rhe8 26.
Kf3 f6 27. gxf6+ Kxf6 28. Rh1 Kg7 29. Rhe1 Rf8 30. e5 dxe5 31. Rxe5 Rxe5
32. Rxe5 Rf6 33. g4 hxg4+ 34. Kxg4 Kf7 35. Kg5 b6 36. Re3 Nb7 37. Rh3 Kg7
38. Rh7+ Kxh7 39. Kxf6 Nd6 40. Bxg6+ Kg8 41. Bd3 Kf8 42. Ke6 Nb7 43. Kd7
Nc5+ 44. Kxc7 Nxd3 45. f5 Ne5 46. d6 Ke8 47. f6 1-0

[Event "7th UI&UL GM"]
[Site "Dhaka BAN"]
[Date "2005.04.12"]
[Round "9"]
[White "Fominyh,A"]
[Black "Safin,S"]
[Result "1-0"]
[WhiteElo "2505"]
[BlackElo "2463"]
[EventDate "2005.04.05"]

1. c4 g6 2. g3 Bg7 3. Bg2 Nf6 4. d4 O-O 5. Nc3 d6 6. Nf3 Nc6 7. O-O a6 8.
h3 Rb8 9. e4 Nd7 10. Be3 b5 11. cxb5 axb5 12. Qc1 Na5 13. Bh6 c6 14. Bxg7
Kxg7 15. b4 Nc4 16. d5 cxd5 17. exd5 Qb6 18. Rd1 Nf6 19. Qf4 Bd7 20. Ne4
Nxe4 21. Qxe4 e6 22. a4 exd5 23. Qe7 Be6 24. a5 Qd8 25. Qxd8 Rfxd8 26. Nd4
Rdc8 27. Ne2 Kf6 28. Nf4 Re8 29. Kf1 Rbc8 30. Nxd5+ Bxd5 31. Bxd5 Re7 32.
Bxc4 Rxc4 33. Rxd6+ Ke5 34. Rd3 1-0

[Event "7th UI&UL GM"]
[Site "Dhaka BAN"]
[Date "2005.04.12"]
[Round "9"]
[White "Iuldachev,S"]
[Black "Satyapragyan,S"]
[Result "1-0"]
[WhiteElo "2537"]
[BlackElo "2401"]
[EventDate "2005.04.05"]

1. e4 c5 2. Nf3 d6 3. d4 Nf6 4. Nc3 cxd4 5. Nxd4 a6 6. Be2 e6 7. f4 Nc6 8.
Be3 Qc7 9. O-O Be7 10. Kh1 O-O 11. Qe1 Nxd4 12. Bxd4 b5 13. a3 Bb7 14. Qg3
Bc6 15. Rae1 Rae8 16. Bf3 Rc8 17. Nd1 g6 18. Nf2 Rfd8 19. c3 Ne8 20. Ng4 f6
21. f5 e5 22. Nh6+ Kg7 23. fxg6 hxg6 24. Nf5+ Kf7 25. Bh5 1-0

[Event "7th UI&UL GM"]
[Site "Dhaka BAN"]
[Date "2005.04.12"]
[Round "9"]
[White "Sriram,J"]
[Black "Prathamesh,S"]
[Result "1/2-1/2"]
[WhiteElo "2445"]
[BlackElo "2368"]
[EventDate "2005.04.05"]

1. d4 Nf6 2. c4 e6 3. Nf3 b6 4. g3 Ba6 5. b3 Bb4+ 6. Bd2 Be7 7. Bg2 c6 8.
Bc3 d5 9. Ne5 Nfd7 10. Nxd7 Nxd7 11. Nd2 O-O 12. O-O Rc8 13. e4 dxc4 14.
bxc4 b5 15. Re1 bxc4 16. Qa4 Bb5 17. Qc2 Ba3 18. Nxc4 Bxc4 19. Qa4 c5 20.
Qxa3 cxd4 21. Bxd4 Nb6 22. Rad1 Be2 23. Bxg7 Bxd1 24. Bxf8 Qxf8 25. Qxf8+
Kxf8 26. Rxd1 Rc2 27. Ra1 Nc4 28. a4 a5 29. f4 e5 30. fxe5 Ke7 31. Rb1 Nb2
32. Bf1 Nxa4 33. Ra1 Nc5 34. Rxa5 Ke6 35. Ra7 Rc1 36. Rc7 h6 37. Kg2 Kxe5
38. Rxf7 Nxe4 39. Bd3 Ng5 40. Rf5+ Ke6 41. Rf2 Rc3 42. Bb1 Ke7 43. h4 Nf7
44. Kh3 Ne5 45. Rf5 Re3 46. Rh5 Nf7 47. Ba2 Nd6 48. Bb1 Nf7 49. Bg6 Re6 50.
Bb1 Re3 1/2-1/2

[Event "7th UI&UL GM"]
[Site "Dhaka BAN"]
[Date "2005.04.12"]
[Round "9"]
[White "Syed Anwar,S"]
[Black "Roktim,B"]
[Result "0-1"]
[WhiteElo "2305"]
[BlackElo "2389"]
[EventDate "2005.04.05"]

1. d4 Nf6 2. Nf3 e6 3. Bg5 h6 4. Bxf6 Qxf6 5. e4 d6 6. Bd3 Nd7 7. Nc3 a6 8.
O-O g6 9. Re1 e5 10. Nd5 Qd8 11. Qd2 Bg7 12. dxe5 dxe5 13. Qb4 c6 14. Ne3
Qe7 15. a3 a5 16. Qc3 O-O 17. b4 axb4 18. axb4 Rxa1 19. Rxa1 Re8 20. Nc4
Nf8 21. Ra8 Bg4 22. Rxe8 Qxe8 23. Nfd2 Be6 24. Nb3 Nd7 25. Nca5 Qb8 26. Bc4
Nf8 27. Qd3 Qc7 28. Nc5 Bc8 29. Nab3 b5 30. Bxb5 cxb5 31. Qxb5 Qd6 32. Qd3
Qxd3 33. Nxd3 Ba6 34. Ndc5 Bb5 35. Na5 Nd7 36. c4 Nxc5 37. cxb5 Nd7 38. Nc4
Bf8 39. b6 Bxb4 40. b7 f6 41. Kf1 Kf8 42. Ke2 Bc5 43. f3 Ke7 44. g3 Ba7 45.
f4 Ke6 46. Kf3 exf4 47. gxf4 Nc5 48. Na5 Kd7 49. h4 Kc7 50. Nc4 Nxb7 51. f5
gxf5 52. exf5 Nd6 53. Nxd6 Kxd6 54. Kg4 Ke5 55. Kh5 Bf2 56. Kxh6 Bxh4 0-1

[Event "7th UI&UL GM"]
[Site "Dhaka BAN"]
[Date "2005.04.12"]
[Round "9"]
[White "Murshed,N"]
[Black "Sangma,R"]
[Result "1-0"]
[WhiteElo "2487"]
[BlackElo "2311"]
[EventDate "2005.04.05"]

1. d4 f5 2. g3 Nf6 3. Bg2 g6 4. Nf3 Bg7 5. O-O O-O 6. Nbd2 d6 7. c3 h6 8.
Qc2 Qe8 9. e4 f4 10. e5 Nh5 11. Nh4 g5 12. Ng6 Rf7 13. Bd5 Nc6 14. Re1 dxe5
15. Nxe5 Nxe5 16. dxe5 c6 17. Bb3 fxg3 18. hxg3 e6 19. Nc4 Rf3 20. Nd6 Qf8
21. Nxc8 Nxg3 22. Bxe6+ Kh8 23. Nd6 Bxe5 24. Rxe5 Qxd6 25. Be3 Qxe5 26. Bd4
Qxd4 27. cxd4 Raf8 28. Re1 1-0

[Event "7th UI&UL GM"]
[Site "Dhaka BAN"]
[Date "2005.04.12"]
[Round "9"]
[White "Akshayraj,K"]
[Black "Abdulla,AlR"]
[Result "1-0"]
[WhiteElo "2388"]
[BlackElo "2462"]
[EventDate "2005.04.05"]

1. c4 Nc6 2. Nc3 e5 3. g3 Nf6 4. Bg2 Bc5 5. e3 O-O 6. Nge2 Re8 7. O-O e4 8.
d3 exd3 9. Nf4 d6 10. Nxd3 Bg4 11. f3 Be6 12. Nxc5 dxc5 13. Qe2 Qc8 14. g4
a5 15. b3 Ra6 16. Bb2 h5 17. g5 Nd7 18. f4 Bg4 19. Qd2 Ne7 20. h3 Rd6 21.
Qc2 Bf5 22. e4 Bh7 23. Rad1 Rxd1 24. Rxd1 Nf8 25. Nd5 Ne6 26. f5 Nd4 27.
Nxe7+ Rxe7 28. Bxd4 cxd4 29. Rxd4 1-0

[Event "7th UI&UL GM"]
[Site "Dhaka BAN"]
[Date "2005.04.12"]
[Round "9"]
[White "Abdul,Mal"]
[Black "Ramu,K"]
[Result "1-0"]
[WhiteElo "2191"]
[BlackElo "2291"]
[EventDate "2005.04.05"]

1. d4 Nf6 2. Nf3 c5 3. d5 g6 4. Nc3 d6 5. e4 Bg7 6. Be2 O-O 7. O-O Na6 8.
h3 Nc7 9. a4 Rb8 10. Re1 a6 11. a5 b5 12. axb6 Rxb6 13. Bc4 Rb4 14. Qd3 Nd7
15. b3 Rb8 16. Ra2 Nb6 17. Bg5 h6 18. Bh4 g5 19. Bg3 f5 20. exf5 Bxf5 21.
Qe3 Nxc4 22. bxc4 Rb4 23. Nd1 Rxc4 24. Qxe7 Qxe7 25. Rxe7 Nxd5 26. Rxg7+
Kxg7 27. Bxd6 Ra8 28. c3 Kg8 29. Rd2 Be6 30. Ne5 Ra4 31. Bxc5 Rc8 32. Bd4
Ra1 33. c4 Rxd1+ 34. Rxd1 Nf4 35. Be3 Bxc4 36. Bxf4 gxf4 37. Nxc4 Rxc4 38.
Rd6 Rc1+ 39. Kh2 Rc2 40. f3 Rc7 41. Rxa6 Kg7 42. Ra4 Rf7 43. h4 Kg6 44.
Ra6+ Kh5 45. Kh3 Rf5 46. Rb6 Rf7 47. Rb5+ Kg6 48. Kg4 Rf8 49. Ra5 Rf7 50.
h5+ Kh7 51. Ra6 Rg7+ 52. Rg6 Rf7 53. g3 fxg3 54. Kxg3 Ra7 55. f4 Ra1 56.
Rb6 Rg1+ 57. Kf3 Rh1 58. Rb7+ Kg8 59. Kg4 Ra1 60. Re7 Ra5 61. Re5 Ra6 62.
Kf5 Kf7 63. Rb5 Rf6+ 64. Kg4 Ra6 65. Rb7+ Kg8 66. f5 Ra4+ 67. Kg3 Kf8 68.
Rb6 Kg7 69. Rg6+ Kh7 70. f6 Ra1 71. Kf4 Rf1+ 72. Ke5 Re1+ 73. Kd6 Rd1+ 74.
Ke7 Re1+ 75. Kf7 Ra1 76. Rg7+ Kh8 77. Rg8+ Kh7 78. Re8 Rh1 79. Re7 1-0

[Event "7th UI&UL GM"]
[Site "Dhaka BAN"]
[Date "2005.04.12"]
[Round "9"]
[White "Chatterjee,D"]
[Black "Pogorelov,R"]
[Result "0-1"]
[WhiteElo "2246"]
[BlackElo "2448"]
[EventDate "2005.04.05"]

1. d4 Nf6 2. c4 e6 3. Nc3 Bb4 4. Qc2 c5 5. dxc5 O-O 6. Nf3 Na6 7. a3 Bxc3+
8. Qxc3 Nxc5 9. Bg5 b6 10. Bxf6 Qxf6 11. Qxf6 gxf6 12. Nd2 a5 13. e3 a4 14.
Be2 Ba6 15. O-O d5 16. Rfe1 Rad8 17. Rad1 e5 18. f3 Kg7 19. cxd5 Bxe2 20.
Rxe2 Rxd5 21. Rc1 Rfd8 22. Rc2 Rd3 23. g4 h5 24. h3 h4 25. Kg2 Nb3 26. Nxb3
axb3 27. Rc6 R8d6 28. Rc8 Rd1 29. Rc3 Rb1 30. Rxb3 Rdd1 31. Rxb6 Rg1+ 32.
Kh2 Rh1+ 33. Kg2 Rbg1+ 34. Kf2 Rg3 35. a4 e4 36. fxe4 Rgxh3 37. a5 R3h2+
38. Kf3 Rf1+ 0-1

[Event "7th UI&UL GM"]
[Site "Dhaka BAN"]
[Date "2005.04.12"]
[Round "9"]
[White "Ram,S"]
[Black "Roy Chowdhury,S"]
[Result "1-0"]
[WhiteElo "2255"]
[BlackElo "2397"]
[EventDate "2005.04.05"]

1. Nf3 c5 2. c4 Nc6 3. Nc3 g6 4. g3 Bg7 5. Bg2 d6 6. O-O e5 7. Ne1 Be6 8.
Nd5 Nge7 9. Nc2 O-O 10. Nce3 Rb8 11. Rb1 a6 12. b4 b5 13. bxc5 dxc5 14. Ba3
Qd6 15. d3 f5 16. f4 exf4 17. gxf4 Bf7 18. Kh1 Rfe8 19. Nxe7+ Nxe7 20. Qc1
b4 21. Bb2 Nc6 22. Bxg7 Kxg7 23. Qd2 Nd4 24. Rbe1 b3 25. Nd5 Bxd5 26. cxd5
Nc2 27. Rb1 Ne3 28. Rf2 Rb4 29. Rxb3 Rxf4 30. Rb7+ Kh6 31. Rf3 Rxf3 32.
Bxf3 f4 33. Qb2 Nf5 34. Rb6 Qd8 35. Qf6 Qxf6 36. Rxf6 Rb8 37. Kg2 Rb1 38.
d6 Rb8 39. d7 Rd8 40. Rf7 Kg5 41. Bc6 h5 42. Ba4 Nh4+ 43. Kf2 Nf5 44. Kf3
h4 45. h3 Rb8 46. a3 Rd8 47. Kf2 Rb8 48. Bb3 Rd8 49. Be6 Nd6 50. Rh7 Kf6
51. Bg4 Nf7 52. Rxh4 Ng5 53. Bf3 Kf5 54. Bc6 Ne6 55. Rg4 g5 56. Rg1 Rb8 57.
Bd5 Nd4 58. Bb7 Rd8 59. Bxa6 Kf6 60. Bc8 Nb5 61. Rc1 1-0

[Event "7th UI&UL GM"]
[Site "Dhaka BAN"]
[Date "2005.04.12"]
[Round "9"]
[White "Saptarshi,R"]
[Black "Singh,Ri"]
[Result "1-0"]
[WhiteElo "2391"]
[BlackElo "2271"]
[EventDate "2005.04.05"]

1. d4 c5 2. e4 cxd4 3. Nf3 e5 4. c3 dxc3 5. Nxc3 Nc6 6. Bc4 Bb4 7. O-O Nf6
8. Qb3 Qe7 9. Nd5 Nxd5 10. Bxd5 h6 11. Be3 O-O 12. Rac1 b6 13. Rfd1 Bb7 14.
a3 Bd6 15. Qd3 Bc7 16. b4 a6 17. g3 Rac8 18. Nh4 Qf6 19. Nf5 b5 20. Qe2 Kh7
21. Bc5 Rfe8 22. Qh5 Qg6 23. Bxf7 Qxh5 24. Bxh5 Red8 25. Bg4 Ba8 26. Ne7
Rb8 27. Nd5 d6 28. Be3 1-0

[Event "7th UI&UL GM"]
[Site "Dhaka BAN"]
[Date "2005.04.12"]
[Round "9"]
[White "Lahiri,A"]
[Black "Nikhilesh,K"]
[Result "1/2-1/2"]
[WhiteElo "2355"]
[BlackElo "2199"]
[EventDate "2005.04.05"]

1. d4 Nf6 2. Nf3 g6 3. Nc3 d5 4. Bf4 Bg7 5. e3 O-O 6. Be2 c5 7. Ne5 Nc6 8.
O-O cxd4 9. exd4 Ne4 10. Nxe4 dxe4 11. Nxc6 bxc6 12. c3 a5 13. Qc2 f5 14.
f3 c5 15. Rad1 cxd4 16. cxd4 Bb7 17. fxe4 Bxe4 18. Qb3+ Bd5 19. Bc4 e6 20.
Rfe1 Rc8 21. Bxd5 Qxd5 22. Be5 Qxb3 23. axb3 Rc2 24. Bxg7 1/2-1/2

[Event "7th UI&UL GM"]
[Site "Dhaka BAN"]
[Date "2005.04.12"]
[Round "9"]
[White "Ahmed,Mai"]
[Black "Gunasekaran,K"]
[Result "1-0"]
[WhiteElo "2222"]
[BlackElo "2312"]
[EventDate "2005.04.05"]

1. d4 d5 2. Nf3 Nf6 3. c4 c6 4. cxd5 cxd5 5. Nc3 Nc6 6. Bf4 a6 7. e3 e6 8.
Bd3 Be7 9. h3 O-O 10. a3 b5 11. b4 Bb7 12. O-O Qb6 13. Qb3 Rfc8 14. Rfc1 h6
15. Rc2 Ne8 16. Rac1 Nd6 17. Bxd6 Bxd6 18. Rd1 Ne7 19. Rdc1 Bc6 20. e4 dxe4
21. Bxe4 Bf4 22. Re1 Bxe4 23. Nxe4 Rxc2 24. Qxc2 Rc8 25. Nc5 Nd5 26. g3 Bd6
27. Qe4 Be7 28. Ne5 Rd8 29. Rc1 Rc8 30. Rc2 Rc7 31. Qf3 Bxc5 32. dxc5 Qa7
33. Ng4 a5 34. Ne3 Nf6 35. Rd2 Rc8 36. Qd1 Qc7 37. Rd4 Rb8 38. Qd3 Kf8 39.
Rd6 axb4 40. axb4 Ke7 41. Qe2 Kf8 42. Qd3 Ke7 43. Qd4 Ne8 44. Ra6 Rd8 45.
Qa1 Rb8 46. Ra7 Rb7 47. Ra8 Qc6 48. Qa5 Nc7 49. Rg8 Ne8 50. Qa8 Rc7 51. Qb8
Rc8 52. Qe5 f6 53. Qh5 Qe4 54. Kh2 Qxb4 55. c6 Qc3 56. Qxb5 Qxc6 57. Qb4+
Qc5 58. Qb7+ Qc7 59. Qb4+ Qd6 60. Qb7+ Qd7 61. Qb4+ Qd6 62. Qb7+ Qc7 63.
Qe4 Kf7 64. Qh7 f5 65. Qh8 Qc5 66. h4 Qe7 67. Qh7 Qf6 68. Rh8 Nd6 69. Rxc8
Nxc8 70. Qh8 Ne7 71. Qd8 Qc3 72. Qd7 Qc6 73. Qa7 Kf6 74. Qa1+ Kf7 75. Qa7
Kf8 76. Qa3 Qc7 77. Ng2 Kf7 78. Nf4 g5 79. hxg5 hxg5 80. Nh3 g4 81. Nf4 Qb6
82. Qa2 Ng8 83. Nd5 Qd4 84. Qc2 Ne7 85. Nf4 Kf6 86. Kg1 Nd5 87. Ng2 Nc3 88.
Ne3 Ke5 89. Qb2 Kf6 90. Qb8 Qd3 91. Qh8+ Ke7 92. Qg7+ Kd6 93. Qf8+ Kc7 94.
Qc5+ Kd8 95. Qb6+ Ke7 96. Qc5+ Kf7 97. Nc4 Ne2+ 98. Kh2 Qd1 99. Ne5+ Kf6
100. f4 gxf3 101. Nxf3 1-0

[Event "7th UI&UL GM"]
[Site "Dhaka BAN"]
[Date "2005.04.12"]
[Round "9"]
[White "Mohota,N"]
[Black "Pg,MOAHirawan"]
[Result "1-0"]
[WhiteElo "2297"]
[BlackElo "2230"]
[EventDate "2005.04.05"]

1. d4 Nf6 2. c4 g6 3. Nc3 d5 4. Nf3 Bg7 5. Bg5 Ne4 6. cxd5 Nxg5 7. Nxg5 e6
8. Nf3 exd5 9. e3 O-O 10. b4 b6 11. Rc1 a5 12. b5 c6 13. Qb3 Bb7 14. bxc6
Bxc6 15. Rb1 Nd7 16. Bb5 a4 17. Nxa4 Bxb5 18. Qxb5 Ra5 19. Qb3 Qc7 20. Nc3
Rfa8 21. O-O Qd6 22. Rfc1 Qe6 23. Nb5 Qf5 24. a3 Bf8 25. Ra1 g5 26. Rc7 Nf6
27. Ne5 Bxa3 28. Rxa3 Ne4 29. Rc2 Nd2 30. Rxd2 Rxa3 31. Nxa3 Rxa3 32. Qb2
1-0

[Event "7th UI&UL GM"]
[Site "Dhaka BAN"]
[Date "2005.04.12"]
[Round "9"]
[White "Mohammad,J"]
[Black "Rahman,SM"]
[Result "1-0"]
[WhiteElo "2186"]
[BlackElo "2247"]
[EventDate "2005.04.05"]

1. e4 c5 2. Nf3 d6 3. d4 cxd4 4. Nxd4 Nf6 5. Nc3 a6 6. Bg5 e6 7. f4 Nbd7 8.
Qf3 Qc7 9. O-O-O b5 10. Bd3 Bb7 11. Rhe1 Be7 12. Qg3 b4 13. Nd5 Bxd5 14.
exd5 Nxd5 15. Bxe7 Nxe7 16. Qxg7 Rg8 17. Qxh7 d5 18. g3 Qc5 19. Nxe6 fxe6
20. Rxe6 Kf8 21. Rde1 Rg7 22. Qh8+ Ng8 23. Bg6 Qc8 24. h4 Qd8 25. h5 Ndf6
26. f5 Ne4 27. f6 Rc7 28. Bh7 Kf7 29. R6xe4 dxe4 30. Qg7+ Ke6 31. Bxg8+
Qxg8 32. Qxc7 Qg5+ 33. Kb1 Qd5 34. Qe7+ Kf5 35. f7 1-0